000 00274nam a22001217a 4500
020 _a8178120461
082 _a371.271 GUP/PO
100 _aGupta R
245 _aPopular master guide CAT
260 _aNew Delhi
_bRamesh Publishing House
_c2013
300 _a504
942 _cBK
999 _c13830
_d13830